000 00604 a2200181 4500
999 _c3917
_d3917
020 _a100155060414
050 _aPR1851 CHA 1989
100 _aChaucer, Geoffrey
_eauthor
245 _aThe complete poetry and prose of Geoffrey Chaucer/
_cChaucer, Geoffrey and others
250 _a3rd Edition
264 _aBoston
_bWadsworth Cengage Learning
_c1989
300 _a1045p. :
_bill.
500 _aIncludes bibliographical references and index
650 _aChaucer, Geoffrey, -- -1400.
700 _aAllen, Mark
_eeditor
700 _aFisher, John H.
_eeditor
942 _2lcc
_cBK
_e3rd edition
_h1851
_iCHA
_kPR